Songs covered by Jim E. Brown - Statistics

General Stats
  • This quiz has been taken 27 times
    3 since last reset
  • The average score is 5 of 7
Answer Stats
Original artist Released on Title % Correct
The Cranberries "Shame" Linger
100%
Britney Spears "I Urinated on a Butterfly" Toxic
100%
Owl City single Fireflies
67%
The Beatles "Rot" I Wanna Hold Your Hand
67%
Seal Youtube Kiss from a Rose
67%
Stevie Wonder "I Wish I Didn't Like You" EP Come Back as a Flower
33%
Drake "Torture" Hotline Bling
33%
No matching quizzes found
Score Distribution
Percent of People with Each Score
Percentile by Number Answered
Your Score History
You have not taken this quiz since the last reset